| 000 | 01000nam0a2200289 4500 | ||
|---|---|---|---|
| 001 | RU\NLR\BIBL_A\011870362 | ||
| 005 | 20181211133528.0 | ||
| 010 |
_a978-5-9909584-9-4 _9200 |
||
| 021 |
_aRU _bКН-П-18-6060 _9КН-П-18-083785 |
||
| 035 | _a(NLR Aleph) 011870362 | ||
| 035 | _a(RuMoRGB)009800921 | ||
| 090 |
_a12201804 _c12201804 |
||
| 100 | _a20181123d2018 u y0rusy50 ca | ||
| 101 | 0 | _arus | |
| 102 | _aRU | ||
| 105 | _aac||z|||000zy | ||
| 200 | 1 |
_aКалейдоскоп _eрасскажи свою историю _e[сборник воспоминаний _fавт.-сост.: М. Х. Лядовская] |
|
| 210 |
_aНовосибирск _cГео _d2018 |
||
| 215 |
_a217, [3] с. _cил., цв. ил., портр. _d21 |
||
| 686 | 2 | _aШ6(2=Р)8-46 | |
| 702 | 1 |
_aЛядовская _bМ. Х. _gМарина Х. _4220 |
|
| 942 | _cBOOK | ||
| 980 | _aNBR | ||
| 980 | _aNB | ||